U.S. Secretaries of Defense - Statistics

General Stats
  • This quiz has been taken 52 times
    13 since last reset
  • The average score is 9 of 29
Answer Stats
Hint Answer % Correct
21 September 1950 - 12 September 1951 George C. Marshall
75%
25 January 2025 - Present Pete Hegseth
63%
21 January 1961 - 29 February 1968 Robert S. McNamara
63%
21 January 1981 - 23 November 1987 Caspar Weinberger
50%
20 January 2017 - 1 January 2019 Jim Mattis
50%
20 November 1975 - 20 January 1977 Donald Rumsfeld
50%
20 January 2001 - 18 December 2006 Donald Rumsfeld
50%
22 January 2021 - 20 January 2025 Lloyd Austin
50%
17 February 2015 - 19 January 2017 Ash Carter
38%
27 February 2013 - 17 February 2015 Chuck Hagel
38%
1 July 2011 - 26 February 2013 Leon Panetta
38%
23 July 2019 - 9 November 2020 Mark Esper
38%
21 March 1989 - 20 January 1993 Richard B. Cheney
38%
18 December 2006 - 30 June 2011 Robert M. Gates
38%
2 December 1959 - 20 January 1961 Thomas S. Gates, Jr.
38%
23 November 1987 - 20 January 1989 Frank Carlucci
25%
21 January 1993 - 3 February 1994 Leslie Aspin
25%
24 January 1997 - 20 January 2001 William S. Cohen
25%
28 January 1953 - 8 October 1957 Charles E. Wilson
13%
1 March 1968 - 20 January 1969 Clark M. Clifford
13%
21 January 1977 - 20 January 1981 Harold Brown
13%
2 July 1973 - 19 November 1975 James R. Schlesinger
13%
17 September 1947 - 28 March 1949 James V. Forrestal
13%
28 March 1949 - 19 September 1950 Louis A. Johnson
13%
17 September 1951 - 20 January 1953 Robert A. Lovett
13%
3 February 1994 - 24 January 1997 William J. Perry
13%
30 January 1973 - 24 May 1973 Elliot L. Richardson
0%
22 January 1969 - 29 January 1973 Melvin R. Laird
0%
9 October 1957 - 1 December 1959 Neil H. McElroy
0%
No matching quizzes found
Score Distribution
Percent of People with Each Score
Percentile by Number Answered
Your Score History
You have not taken this quiz since the last reset